[Event "Larnaca OFIS op 2nd"]
[Site "Larnaca"]
[Date "2021.10.28"]
[Round "7"]
[White "Kochergin, Sergey"]
[Black "Yeshchenko, Uliana"]
[Result "1-0"]
[WhiteElo "2207"]
[BlackElo "2095"]
[PlyCount "79"]
[EventDate "2021.10.22"]
[EventType "swiss"]
[EventRounds "9"]
[EventCountry "CYP"]
[SourceTitle "CBM 204 Extra"]
[Source "ChessBase"]
[SourceDate "2021.11.30"]
[SourceVersion "1"]
[SourceVersionDate "2021.11.30"]
[SourceQuality "1"]

1. d4 d5 2. c4 e6 3. Nc3 a6 4. e4 dxe4 5. Nxe4 Bb4+ 6. Nc3 c5 7. a3 Ba5 8. Be3 Nf6 9. Nf3 Nc6 10. Rc1 Ne4 11. d5 Ne7 12. Bd3 Nxc3 13. bxc3 exd5 14. Bxc5 dxc4 15. Bxc4 Qxd1+ 16. Kxd1 Bg4 17. Re1 Bxf3+ 18. gxf3 0-0-0+ 19. Kc2 Nd5 20. Re5 Nf6 21. Bxf7 Bc7 22. Re7 Kb8 23. Rg1 Bd6 24. Bxd6+ Rxd6 25. Rxg7 Nd7 26. Bg8 Nc5 27. c4 Rh6 28. Kc3 Rxh2 29. Kd4 Rh5 30. Bd5 Nb3+ 31. Ke3 Na5 32. f4 Rh3+ 33. f3 Rh2 34. f5 Rf8 35. Rg8 Rxg8 36. Bxg8 Rh6 37. Kf4 Kc8 38. Kg5 Rd6 39. f6 Kd8 40. Rxh7 1-0

[Event "Larnaca OFIS op 2nd"]
[Site "Larnaca"]
[Date "2021.10.27"]
[Round "2"]
[White "Kochergin, Sergey"]
[Black "Moulias, Alexandros"]
[Result "1-0"]
[WhiteElo "2207"]
[BlackElo "1966"]
[PlyCount "107"]
[EventDate "2021.10.22"]
[EventType "swiss"]
[EventRounds "9"]
[EventCountry "CYP"]
[SourceTitle "CBM 204 Extra"]
[Source "ChessBase"]
[SourceDate "2021.11.30"]
[SourceVersion "1"]
[SourceVersionDate "2021.11.30"]
[SourceQuality "1"]

1. e4 e6 2. d3 d5 3. Nd2 Nf6 4. Ngf3 dxe4 5. dxe4 Bc5 6. Bd3 Nbd7 7. 0-0 0-0 8. Nb3 Bd6 9. Bg5 h6 10. Bh4 e5 11. Nfd2 Re8 12. Nc4 Nf8 13. Nxd6 Qxd6 14. Bb5 Bd7 15. Qxd6 cxd6 16. Bxd7 N8xd7 17. Rfe1 g5 18. Bg3 Rac8 19. c3 Nc5 20. f3 Na4 21. Rab1 b5 22. Bf2 a6 23. Red1 Red8 24. Rd2 Kf8 25. Rbd1 Ke7 26. Nc1 Rc6 27. Ne2 Nh5 28. g4 Ng7 29. Ng3 h5 30. gxh5 Rh8 31. Be3 f6 32. Kg2 Ke6 33. h4 gxh4 34. h6 hxg3 35. hxg7 Rg8 36. Bh6 Nb6 37. Kxg3 Nc8 38. Kh4 Ne7 39. Kh5 Rd8 40. Be3 Kf7 41. Rg1 Rg8 42. Kh6 d5 43. Kh7 Rc4 44. Bh6 Rcc8 45. exd5 Nf5 46. Rh2 Rcd8 47. Rh5 Ne7 48. Rh2 Nf5 49. b3 Rxd5 50. c4 bxc4 51. bxc4 Rdd8 52. Rb2 Rd7 53. Rb6 Ra7 54. Rg6 1-0

[Event "Larnaca OFIS op 2nd"]
[Site "Larnaca"]
[Date "2021.10.27"]
[Round "4"]
[White "Mis, Mieszko"]
[Black "Kochergin, Sergey"]
[Result "1/2-1/2"]
[WhiteElo "2347"]
[BlackElo "2207"]
[PlyCount "57"]
[EventDate "2021.10.22"]
[EventType "swiss"]
[EventRounds "9"]
[EventCountry "CYP"]
[SourceTitle "CBM 204 Extra"]
[Source "ChessBase"]
[SourceDate "2021.11.30"]
[SourceVersion "1"]
[SourceVersionDate "2021.11.30"]
[SourceQuality "1"]

1. d4 Nf6 2. c4 e6 3. Nc3 Bb4 4. e3 c5 5. Nge2 cxd4 6. exd4 d5 7. a3 Be7 8. c5 b6 9. b4 a5 10. Rb1 axb4 11. axb4 0-0 12. Nf4 bxc5 13. bxc5 Ne4 14. Nxe4 dxe4 15. Bb5 Bd7 16. 0-0 Bxb5 17. Rxb5 Nc6 18. d5 Na7 19. Rb7 exd5 20. Nxd5 Bxc5 21. Rd7 Qh4 22. g3 Qh3 23. Nf4 Qh6 24. Nd3 Qb6 25. Nxc5 Qxc5 26. Be3 Qa5 27. Qg4 Nc6 28. Qxe4 Qa4 29. Qxa4 1/2-1/2

[Event "Lympia Cyprus-ch op"]
[Site "Lympia"]
[Date "2020.02.02"]
[Round "9"]
[White "Kochergin, Sergey"]
[Black "Kourouyiannis, Fivos"]
[Result "1-0"]
[WhiteElo "2206"]
[BlackElo "1711"]
[PlyCount "33"]
[EventDate "2020.01.05"]
[EventType "swiss"]
[EventRounds "9"]
[EventCountry "CYP"]
[SourceTitle "CBM 194 Extra"]
[Source "ChessBase"]
[SourceDate "2020.03.31"]
[SourceVersion "1"]
[SourceVersionDate "2020.03.31"]
[SourceQuality "1"]

1. d4 d5 2. c4 dxc4 3. Nf3 Nf6 4. e3 Bg4 5. Bxc4 e6 6. Qb3 Bxf3 7. gxf3 b6 8. Nc3 Nbd7 9. e4 c6 10. Bg5 Be7 11. Rg1 Rg8 12. 0-0-0 Qc7 13. Kb1 0-0-0 14. e5 Nd5 15. Nxd5 exd5 16. Ba6+ Kb8 17. Bxe7 1-0

[Event "Lympia Cyprus-ch op"]
[Site "Lympia"]
[Date "2020.01.26"]
[Round "7"]
[White "Kochergin, Sergey"]
[Black "Nichlos, Michalis"]
[Result "1-0"]
[WhiteElo "2206"]
[BlackElo "1591"]
[PlyCount "79"]
[EventDate "2020.01.05"]
[EventType "swiss"]
[EventRounds "9"]
[EventCountry "CYP"]
[SourceTitle "CBM 194 Extra"]
[Source "ChessBase"]
[SourceDate "2020.03.31"]
[SourceVersion "1"]
[SourceVersionDate "2020.03.31"]
[SourceQuality "1"]

1. d4 Nf6 2. c4 g6 3. Nc3 Bg7 4. e4 d6 5. f3 c6 6. Be3 a6 7. Bd3 b5 8. Nge2 0-0 9. 0-0 Nbd7 10. Qd2 e5 11. Rfd1 exd4 12. Nxd4 Ne5 13. cxb5 axb5 14. Bf1 b4 15. Nb1 c5 16. Nb5 Ba6 17. a4 c4 18. Qxb4 Bxb5 19. Qxb5 Rb8 20. Qa6 Rxb2 21. Bd4 Nxe4 22. fxe4 Nf3+ 23. gxf3 Bxd4+ 24. Rxd4 Qg5+ 25. Kh1 Qf6 26. Rd2 Qxf3+ 27. Bg2 Qe3 28. Qxc4 Rb4 29. Qe2 Qb6 30. Nc3 Qc5 31. Nd5 Rb3 32. Qf2 Qa5 33. Qd4 f5 34. Rf1 Qa6 35. Ne7+ Kf7 36. Qd5+ Kxe7 37. Qxb3 f4 38. Qb5 Qa7 39. e5 dxe5 40. Qxe5+ 1-0

[Event "Cyprus op 1st"]
[Site "Larnaka"]
[Date "2019.10.28"]
[Round "5"]
[White "Kochergin, Sergey"]
[Black "Kourouyiannis, Fivos"]
[Result "1-0"]
[WhiteElo "2224"]
[BlackElo "1708"]
[PlyCount "49"]
[EventDate "2019.10.25"]
[EventType "swiss"]
[EventRounds "9"]
[EventCountry "CYP"]
[SourceTitle "CBM 192 Extra"]
[Source "Chessbase"]
[SourceDate "2019.11.06"]
[SourceVersion "1"]
[SourceVersionDate "2019.11.06"]
[SourceQuality "1"]

1. d4 Nf6 2. c4 g6 3. Nc3 Bg7 4. e4 d6 5. f3 0-0 6. Be3 c5 7. Nge2 cxd4 8. Nxd4 Nc6 9. Be2 Nxd4 10. Bxd4 b6 11. 0-0 Ba6 12. Qd2 Rc8 13. b3 Nd7 14. Bxg7 Kxg7 15. f4 Kg8 16. Rf3 Bb7 17. Rh3 f5 18. exf5 Rxf5 19. Bg4 Qf8 20. Bxf5 Qxf5 21. Re1 Qc5+ 22. Qe3 Rf8 23. Qxc5 dxc5 24. Rxe7 Rf7 25. Rxf7 1-0